000 01572cam a2200373 a 4500
999 _c129777
_d129777
001 4927894
003 ARRUPE
005 20190903113804.0
008 950621s1995 moua 000 0aeng
010 _a 95060352
020 _a1880810093
040 _aDLC
_cDLC
_dDLC
041 1 _aeng
_hspa
050 0 0 _aBX3756. I31
_bA3 1995
082 0 0 _a271/.5302
_aB
_221
100 0 _aIgnatius,
_cof Loyola, Saint,
_d1491-1556.
_947997
240 1 0 _aAutobiografía.
_lEnglish
245 1 2 _aA pilgrim's testament :
_bthe memoirs of St. Ignatius of Loyola /
_cas transcribed by Luís Gonçalves da Câmara and translated by Parmananda R. Divarkar.
260 _aSaint Louis :
_bInstitute of Jesuit Sources,
_c1995.
300 _axxx, 150 p. :
_bill. ;
_c18 cm.
490 1 _aNo. 13 in Series I--Jesuit primary sources in English translations
500 _aTranslation of: Autobiografía.
600 0 0 _aIgnatius,
_cof Loyola, Saint,
_d1491-1556.
_947997
650 0 _aChristian saints
_zSpain
_xBiography.
_914825
700 1 _aCâmara, Luís Gonçalves da,
_d1520?-1575.
_947998
700 1 _aDivarkar, Parmananda R.
_947999
830 0 _aSeries I--Jesuit primary sources, in English translations ;
_vno. 13.
_948000
906 _a7
_bcbc
_corignew
_d3
_eopcn
_f19
_gy-gencatlg
942 _2lcc
_cMONOGRAPH